LIBRARY & INFORMATION CENTRE, KCAET, TAVANUR

ONLINE PUBLIC ACCESS CATALOGUE (OPAC)

Elements of applied hydrology / (Record no. 9548)

MARC details
000 -LEADER
fixed length control field 00473cam a2200193ua 4500
041 ## - LANGUAGE CODE
Language code of text/sound track or separate title eng
082 ## - DEWEY DECIMAL CLASSIFICATION NUMBER
Classification number 551.48
Item number BHA/EL
100 ## - MAIN ENTRY--AUTHOR NAME
Personal name Bhattacharya, P K .
245 ## - TITLE STATEMENT
Title Elements of applied hydrology /
250 ## - EDITION STATEMENT
Edition statement 1 /
260 ## - PUBLICATION, DISTRIBUTION, ETC. (IMPRINT)
Place of publication Delhi :
Name of publisher Khanna publishers ,
Year of publication 1996.
300 ## - PHYSICAL DESCRIPTION
Number of Pages 226 ; .
942 ## - ADDED ENTRY ELEMENTS (KOHA)
Koha item type Books
Holdings
Withdrawn status Lost status Damaged status Home library Current library Date acquired Full call number Accession Number Koha item type
      KAUAET KAUAET 07/04/2012 551.48 BHA/EL 20548 Books
      KAUAET KAUAET 07/04/2012 551.48 BHA/EL 20547 Books
free website counter